000 00463nam a2200169Ia 4500
999 _c13079
_d13079
003 OSt
005 20201001124436.0
008 190216s9999||||xx |||||||||||||| ||und||
040 _coclc
082 _a813.54
_bJOS/E
100 _aJoshi B.N
_95235
245 4 _aThe Eternal Flame /
_cB N JOSHI
260 _bMacmillan India Ltd,
_c1982.
_adelhi:
300 _a146p
650 _aBiography
942 _cBK
_2ddc
_h813.54
_iJOS/E
_k813.54
_mJOS/E